| 000 | 01185nam a22002897a 4500 | ||
|---|---|---|---|
| 003 | dpl | ||
| 005 | 20180702162413.0 | ||
| 008 | 180702b xxu||||| |||| 00| 0 eng d | ||
| 010 | _aA-975959, A-975981 | ||
| 020 |
_c100.00 _a81863260026 |
||
| 035 | _aA-975959 | ||
| 037 | _bCen Lib/Ret | ||
| 040 |
_aDPL _bHN _c0 |
||
| 082 |
_aक _bशेखाव |
||
| 100 |
_aशेखावत, प्रदीप _961188 |
||
| 245 |
_aमहाभारत के साक्षी / _cप्रदीप शेखावत |
||
| 246 |
_aMahabharat ke sakshi / _bby Pradeep Shekhawat |
||
| 250 | _aतृतीय संस्करण | ||
| 260 |
_aजयपुर _bराजस्थान पत्रिका _c1998 |
||
| 270 |
_aकेसरगढ़, जवाहरलाल नेहरु मार्ग _bजयपुर _e302 004 |
||
| 300 |
_a132पृ. : _c20सेमी (सजिल्द) _bसचित्र |
||
| 650 |
_aहिन्दी -- साहित्य _961189 |
||
| 650 |
_aहिन्दी -- कहानी _9779 |
||
| 650 |
_aHindi -- Literature _961190 |
||
| 650 |
_aHindi -- Story _943117 |
||
| 942 |
_2ddc _cHN _hक _mशेखाव |
||
| 999 |
_c115381 _d115381 |
||